ARRUPE JESUIT UNIVERSITY

CORONAVIRUS -STOP THE SPREAD - CLEAN,DISINFECT,COVER

Treatise on the governance of St. Ignatius of Loyola (Record no. 129943)

MARC details
000 -LEADER
fixed length control field 00545nam a22001457a 4500
008 - FIXED-LENGTH DATA ELEMENTS--GENERAL INFORMATION
fixed length control field 191017b ||||| |||| 00| 0 eng d
050 ## - LIBRARY OF CONGRESS CALL NUMBER
Classification number BX3756.I32
Item number R482
100 ## - MAIN ENTRY--PERSONAL NAME
Personal name Ribadeneira, Pedro de
9 (RLIN) 48420
245 ## - TITLE STATEMENT
Title Treatise on the governance of St. Ignatius of Loyola
Statement of responsibility, etc Pedro de Ribadeneira translated with an introduction and notes by Joseph A. Munitiz afterword by Mark Rotsaert
260 ## - PUBLICATION, DISTRIBUTION, ETC. (IMPRINT)
Place of publication, distribution, etc Oxford
Name of publisher, distributor, etc way Books
Date of publication, distribution, etc 2016
300 ## - PHYSICAL DESCRIPTION
Extent xxi, 59p. ;
Dimensions 21cm.
650 ## - SUBJECT ADDED ENTRY--TOPICAL TERM
Topical term or geographic name as entry element Jesuits
9 (RLIN) 24180
650 ## - SUBJECT ADDED ENTRY--TOPICAL TERM
Topical term or geographic name as entry element Ignatius St.
9 (RLIN) 48421
942 ## - ADDED ENTRY ELEMENTS (KOHA)
Source of classification or shelving scheme Library of Congress Classification
Item type Monograph ( Printed materials)
Holdings
Withdrawn status Lost status Source of classification or shelving scheme Damaged status Not for loan Collection code Home library Current library Shelving location Date acquired Total Checkouts Full call number Barcode Date last seen Date last borrowed Price effective from Koha item type
    Library of Congress Classification     Main Collection ARRUPE LIBRARY ARRUPE LIBRARY Main Collection 17/10/2019 1 BX3756.I32 R482 46600005529 16/05/2022 25/11/2019 17/10/2019 Monograph ( Printed materials)

 

Arrupe Library. PO Box MP320 Mt Pleasant, Harare, Zimbabwe
263 242 745411|librarian@aju.ac.zw